Southville International School and Colleges
Your cart is empty.
  • Cart
  • Lists
    Public lists Eva Luna New books Lux_list list_1
    Your lists Log in to create your own lists
  • Log in to your account
  • Your cookies
  • Search history
Southville International School and Colleges
  • Advanced search
  • Recent comments
  • Most popular
  • Libraries

Log in to your account

Log in with GOOGLE


If you do not have an external account, but do have a local account, you can still log in:

  1. Home
  2. MARC view: Voyage to the volcano /
Normal view MARC view ISBD view

Voyage to the volcano / (Record no. 298573)

[ view plain ]
MARC details
000 -LEADER
fixed length control field 00807nam a2200289Ia 4500
008 - FIXED-LENGTH DATA ELEMENTS--GENERAL INFORMATION
fixed length control field 160803s9999 xx 000 0 und d
020 ## - INTERNATIONAL STANDARD BOOK NUMBER
International Standard Book Number 978-0439429351
100 ## - MAIN ENTRY--PERSONAL NAME
Personal name Stamper, Judith Bauer
245 ## - TITLE STATEMENT
Title Voyage to the volcano /
245 ## - TITLE STATEMENT
Statement of responsibility, etc written by Judith Stamper ; illustrations by John Speirs.
260 ## - PUBLICATION, DISTRIBUTION, ETC. (IMPRINT)
Place of publication, distribution, etc New York :
260 ## - PUBLICATION, DISTRIBUTION, ETC. (IMPRINT)
Name of publisher, distributor, etc Scholastic Inc.
260 ## - PUBLICATION, DISTRIBUTION, ETC. (IMPRINT)
Date of publication, distribution, etc 2003
300 ## - PHYSICAL DESCRIPTION
Extent 87 pages :
300 ## - PHYSICAL DESCRIPTION
Other physical details illustrations ;
300 ## - PHYSICAL DESCRIPTION
Dimensions 20 cm.
440 ## - SERIES STATEMENT/ADDED ENTRY--TITLE
Title Magic School Bus, a science chapter book,
440 ## - SERIES STATEMENT/ADDED ENTRY--TITLE
Volume number/sequential designation #15.
650 ## - SUBJECT ADDED ENTRY--TOPICAL TERM
Topical term or geographic name as entry element Children's stories.
650 ## - SUBJECT ADDED ENTRY--TOPICAL TERM
Topical term or geographic name as entry element Fiction.
650 ## - SUBJECT ADDED ENTRY--TOPICAL TERM
Topical term or geographic name as entry element Volcanoes --
650 ## - SUBJECT ADDED ENTRY--TOPICAL TERM
General subdivision Juvenile fiction.
650 ## - SUBJECT ADDED ENTRY--TOPICAL TERM
General subdivision Volcanoes --
650 ## - SUBJECT ADDED ENTRY--TOPICAL TERM
General subdivision Volcanoes.
700 ## - ADDED ENTRY--PERSONAL NAME
Personal name 620
700 ## - ADDED ENTRY--PERSONAL NAME
Personal name Magic school bus science chapter book, other title.
Holdings
Withdrawn status Lost status Damaged status Home library Current library Shelving location Date acquired Total Checkouts Barcode Date last seen Price effective from Koha item type
      Stonyhurst Southville International School (Batangas) Stonyhurst Southville International School (Batangas) Lexiled 08/03/2016   SC-499 08/03/2016 08/03/2016 Books

Voyage to the volcano /

APA

Stamper J. B., 620 & Magic school bus science chapter book o. t.Voyage to the volcano. New York: .

Chicago

Stamper Judith Bauer, 620 and Magic school bus science chapter book other title.Voyage to the volcano. New York: .

Harvard

Stamper J. B., 620 and Magic school bus science chapter book o. t.Voyage to the volcano. New York: .

MLA

Stamper Judith Bauer, 620 and Magic school bus science chapter book other title.New York: . .

  • Place hold
  • Print
  • Cite
  • Add to your cart (remove)
  • Save record
    BIBTEX Dublin Core MARCXML MARC (non-Unicode/MARC-8) MARC (Unicode/UTF-8) MARC (Unicode/UTF-8, Standard) MODS (XML) RIS
  • More searches
    Search for this title in:
    Other Libraries (WorldCat) Other Databases (Google Scholar) Online Stores (Bookfinder.com) Open Library (openlibrary.org)

Exporting to Dublin Core...

SOUTHVILLE LIBRARY

Southville International School and Colleges Library

1281 Tropical Ave. Cor. Luxembourg St., BF Homes International, Las Pinas City

Tel. No. 8256374 / 252358 Loc. 117/146

Powered by Koha